<?xml version="1.0" encoding="UTF-8"?>
<collection xmlns="http://www.loc.gov/MARC21/slim">
<record>
  <controlfield tag="001">127329</controlfield>
  <controlfield tag="005">20230907110838.0</controlfield>
  <datafield tag="037" ind1=" " ind2=" ">
    <subfield code="a">TAZ-TFG-2023-2328</subfield>
  </datafield>
  <datafield tag="041" ind1=" " ind2=" ">
    <subfield code="a">spa</subfield>
  </datafield>
  <datafield tag="100" ind1="1" ind2=" ">
    <subfield code="a">Alonso Cerezuela, Manuel</subfield>
  </datafield>
  <datafield tag="242" ind1="0" ind2="0">
    <subfield code="a">Analysis of the explosive strenght in judokas</subfield>
  </datafield>
  <datafield tag="245" ind1="0" ind2="0">
    <subfield code="a">Análisis de la fuerza explosiva en judokas</subfield>
  </datafield>
  <datafield tag="260" ind1=" " ind2=" ">
    <subfield code="a">Zaragoza</subfield>
    <subfield code="b">Universidad de Zaragoza</subfield>
    <subfield code="c">2023</subfield>
  </datafield>
  <datafield tag="506" ind1=" " ind2=" ">
    <subfield code="a">by-nc-sa</subfield>
    <subfield code="b">Creative Commons</subfield>
    <subfield code="c">3.0</subfield>
    <subfield code="u">http://creativecommons.org/licenses/by-nc-sa/3.0/</subfield>
  </datafield>
  <datafield tag="520" ind1=" " ind2=" ">
    <subfield code="a">Esta investigación consiste en un proceso de evaluación de la fuerza explosiva en judokas. La muestra fueron once judokas de diferentes categorías, masculina o femenina, y diferentes categorías de edad y peso. &lt;br />El trabajo de investigación se enfocó en analizar la fuerza explosiva de los sujetos y evaluar los resultados obtenidos. Los objetivos principales fueron realizar una evaluación precisa de la fuerza explosiva y analizar los resultados. Los resultados indicaron que los sujetos de mayor categoría de peso y edad demostraron una mayor fuerza explosiva.&lt;br />La fuerza explosiva se analizó con la ejecución de tres pruebas físicas, y mediante la ayuda de la aplicación móvil “MyJump2”. Estas pruebas físicas eran tres, la primera el salto vertical (Squat jump), donde se media la distancia de vuelo. La siguiente fue una prueba de press banca, donde se media la velocidad de ejecución de las repeticiones, y a través de esta se obtenía la potencia obtenida. Y por último una prueba de sentadillas, donde al igual que en la prueba anterior, se media la velocidad de ejecución de las repeticiones y posteriormente se obtenía la fuerza explosiva realizada. &lt;br />Como conclusión del estudio, se determinó que se utilizó una metodología adecuada y se realizó un buen análisis de los resultados obtenidos. Sin embargo, se identificaron algunos errores en cuanto a las variables consideradas en el análisis de los resultados. En general, el estudio proporciona información valiosa sobre la relación entre la fuerza explosiva y la edad y el peso de los sujetos evaluados.&lt;br />&lt;br /></subfield>
  </datafield>
  <datafield tag="521" ind1=" " ind2=" ">
    <subfield code="a">Graduado en Ciencias de la Actividad Física y del Deporte</subfield>
  </datafield>
  <datafield tag="540" ind1=" " ind2=" ">
    <subfield code="a">Derechos regulados por licencia Creative Commons</subfield>
  </datafield>
  <datafield tag="700" ind1=" " ind2=" ">
    <subfield code="a">Sotelino López, David</subfield>
    <subfield code="e">dir.</subfield>
  </datafield>
  <datafield tag="710" ind1="2" ind2=" ">
    <subfield code="a">Universidad de Zaragoza</subfield>
    <subfield code="b">Expresión Musical, Plástica y Corporal</subfield>
    <subfield code="c">Didáctica de la Expresión Corporal</subfield>
  </datafield>
  <datafield tag="856" ind1="0" ind2=" ">
    <subfield code="f">800907@unizar.es</subfield>
  </datafield>
  <datafield tag="856" ind1="4" ind2=" ">
    <subfield code="s">400035</subfield>
    <subfield code="u">http://zaguan.unizar.es/record/127329/files/TAZ-TFG-2023-2328.pdf</subfield>
    <subfield code="y">Memoria (spa)</subfield>
  </datafield>
  <datafield tag="909" ind1="C" ind2="O">
    <subfield code="o">oai:zaguan.unizar.es:127329</subfield>
    <subfield code="p">driver</subfield>
    <subfield code="p">trabajos-fin-grado</subfield>
  </datafield>
  <datafield tag="950" ind1=" " ind2=" ">
    <subfield code="a"></subfield>
  </datafield>
  <datafield tag="980" ind1=" " ind2=" ">
    <subfield code="a">TAZ</subfield>
    <subfield code="b">TFG</subfield>
    <subfield code="c">FCSHUES</subfield>
  </datafield>
  <datafield tag="999" ind1=" " ind2=" ">
    <subfield code="a">20230608101747.CREATION_DATE</subfield>
  </datafield>
  <datafield tag="951" ind1=" " ind2=" ">
    <subfield code="a">deposita:2023-09-07</subfield>
  </datafield>
</record>
</collection>